El drama del aborto: en busca de un concenso.
Guardat en:
| Autor principal: | |
|---|---|
| Altres autors: | |
| Format: | Llibre |
| Idioma: | espanyol |
| Publicat: |
Santiago, Chile
LOM
2007
|
| Col·lecció: | Ciencias Humanas
|
| Matèries: | |
| Etiquetes: |
Afegir etiqueta
Sense etiquetes, Sigues el primer a etiquetar aquest registre!
|
MARC
| LEADER | 00000nam a2200000 a 4500 | ||
|---|---|---|---|
| 001 | UCI4727 | ||
| 003 | CL-VaPUC | ||
| 005 | 20240820105950.0 | ||
| 008 | 080229e20070000CL |||||||||||||||||spa|d | ||
| 999 | |c 328573 |d 328571 | ||
| 020 | |a 9789562829267 | ||
| 040 | |c Pontificia Universidad Católica de Valparaíso | ||
| 082 | 0 | 4 | |a 363.46 FAU 2007 |2 21 |
| 100 | 0 | |a Faúndez, Aníbal |9 526715 | |
| 245 | 1 | 3 | |a El drama del aborto: en busca de un concenso. |
| 260 | 0 | 3 | |a Santiago, Chile |b LOM |c 2007 |
| 300 | |a 213 páginas. | ||
| 490 | 0 | |a Ciencias Humanas | |
| 583 | |a last modification |c 20121001 01:01:27 |k Rodrigo Vera | ||
| 650 | 0 | |a Aborto |9 256680 | |
| 650 | 7 | |a EMBARAZO NO DESEADO |2 CL-VaPUC |9 526717 | |
| 650 | 7 | |a PLANIFICACION FAMILIAR |2 CL-VaPUC |9 309893 | |
| 650 | 0 | |a Aspectos religiosos |9 257320 | |
| 700 | 0 | |a Barzelatto, José |9 526716 | |
| 942 | |c BK |2 ddc | ||
| 945 | |d 20080229 00:00:00 |a jtorresc | ||
| 952 | |0 0 |1 0 |2 ddc |4 0 |6 363_460000000000000_FAU_2007 |7 0 |8 A |9 412535 |a BIBCUR |b BIBCUR |d 2019-11-22 |i 4408365 |o 363.46 FAU 2007 |p 4408365 |r 2025-04-22 |t 1 |w 2019-11-22 |y BK |k PER | ||